000 00563nam a22002297a 4500
999 _c350789
_d350789
001 64326
003 UA-OsUOA
005 20200303105743.0
007 ta
008 20091103b un ||||| |||| 00| 0 ukr d
040 _aUA-OsUOA
_bukr
_cUA-OsUOA
_dUA-OsUOA
041 _aukr
080 _a53
090 _a53
_bС59
100 _aСоколов І. І.
245 _aКурс фізики: механіка
_bпідручник 8 кл.
_nч. 1
260 _aК.
_c1954
300 _a220 с.
650 7 _a53 Фізика
_2UDC
942 _cBK
_2udc
955 _a2